|
|
|
|
| LEADER |
00000naa2a2200000 4500 |
| 001 |
607389 |
| 005 |
20231101132442.0 |
| 035 |
|
|
|a (RuTPU)RU\TPU\conf\4770
|
| 035 |
|
|
|a RU\TPU\conf\4769
|
| 090 |
|
|
|a 607389
|
| 100 |
|
|
|a 20140714d2014 k y0rusy50 ca
|
| 101 |
0 |
|
|a rus
|
| 102 |
|
|
|a RU
|
| 105 |
|
|
|a y z 101zy
|
| 135 |
|
|
|a drcn ---uucaa
|
| 181 |
|
0 |
|a i
|
| 182 |
|
0 |
|a b
|
| 200 |
1 |
|
|a Вакуумная электронно-лучевая наплавка износостойкого покрытия из хромованадиевого чугуна
|f А. И. Зиганшин, Б. В. Дампилон
|
| 203 |
|
|
|a Текст
|c электронный
|
| 225 |
1 |
|
|a Поверхностное упрочнение и защитные покрытия
|
| 230 |
|
|
|a 1 компьютерный файл (pdf; 457 Кb)
|
| 300 |
|
|
|a Заглавие с титульного экрана
|
| 320 |
|
|
|a [Библиогр.: с. 149 (5 назв.)]
|
| 337 |
|
|
|a Adobe Reader
|
| 463 |
|
0 |
|0 (RuTPU)RU\TPU\conf\4216
|t Современное материаловедение: материалы и технологии новых поколений
|o сборник трудов Всероссийской школы-семинара с международным участием, г. Томск, 9-11 июня 2014г.
|f Национальный исследовательский Томский политехнический университет (ТПУ)
|v [С. 145-149]
|d 2014
|
| 610 |
1 |
|
|a труды учёных ТПУ
|
| 610 |
1 |
|
|a электронный ресурс
|
| 610 |
1 |
|
|a электронно-лучевая наплавка
|
| 610 |
1 |
|
|a износостойкость
|
| 610 |
1 |
|
|a хромованадиевые чугуны
|
| 610 |
1 |
|
|a химический состав
|
| 610 |
1 |
|
|a структура
|
| 700 |
|
1 |
|a Зиганшин
|b А. И.
|
| 701 |
|
1 |
|a Дампилон
|b Б. В.
|c специалист в области материаловедения
|c доцент Томского политехнического университета, кандидат технических наук
|f 1977-
|g Баир Вячеславович
|2 stltpush
|3 (RuTPU)RU\TPU\pers\28241
|
| 712 |
0 |
2 |
|a Национальный исследовательский Томский политехнический университет (ТПУ)
|b Институт физики высоких технологий (ИФВТ)
|b Кафедра материаловедения в машиностроении (ММС)
|h 74
|2 stltpush
|3 (RuTPU)RU\TPU\col\18688
|
| 801 |
|
2 |
|a RU
|b 63413507
|c 20140714
|g RCR
|
| 856 |
4 |
|
|u http://www.lib.tpu.ru/fulltext/c/2014/C39/034.pdf
|
| 942 |
|
|
|c BK
|